000 01283cam a2200241 4500
001 ##L133480
002 ##9196
008 060511n2005 000 0 eng u
020 _a0728204894
035 _a(Sirsi) u133480
041 0 _aeng
050 0 4 _a690.2 $2 18
100 1 _aMarshall, Duncan
245 0 0 _aHouse inspector
260 _aLondon
_bEG Books
_c2005
300 _av, 288p
_bill
_c18cm.
350 _a24
505 2 _aFoundations -- External loadbearing walls -- Timber frame construction -- Ground floors -- Upper floors -- Roof structure -- Tiling and slating -- Chimney stacks -- Rendering -- Cracking -- Garden/boundary walls -- Finishes -- Windows -- Staircases -- Damp -- Electrical installations -- Plumbing and heating -- Drainage -- Rot and insect attack.
520 _aA concise but comprehensive guide to building defects and house inspection. Each chapter includes a brief history of building over the past century to help identify and understand specific construction details, illustrations and explanations of the most common building defects, and a checklist that can be used when carrying out a systematic and thorough inspection.
690 _aBUILT ENVIRONMENT-BUILDING INSPECTION-BUILDING SURVEYORS
700 1 _aDann, Nigel
942 _n0
999 _c105406
_d105406